De profundis (Record no. 140866)

MARC details
000 -LEADER
campo de control de longitud fija 00786nam a2200217 i 4500
001 - NÚMERO DE CONTROL
campo de control 140866
003 - IDENTIFICADOR DE NÚMERO DE CONTROL
campo de control ES-MaACL
005 - FECHA Y HORA DE LA ÚLTIMA TRANSACCIÓN
campo de control 20250702063105.0
007 - CAMPO FIJO DE DESCRIPCIÓN FÍSICA--INFORMACIÓN GENERAL
campo de control de longitud fija t|
008 - DATOS DE LONGITUD FIJA--INFORMACIÓN GENERAL
campo de control de longitud fija 070918s1905 fr |||| | fre d
100 1# - ENTRADA PRINCIPAL--NOMBRE DE PERSONA
Nombre de persona Wilde, Oscar,
Fechas asociadas al nombre 1854-1900
9 (RLIN) 241147
245 10 - MENCIÓN DEL TÍTULO
Título De profundis
Resto del título ; précédé de Lettres écrites de la prison par Oscar Wilde áa Robert Ross ; suivi de La ballade de la Geôle de Reading /
Mención de responsabilidad, etc. Oscar Wilde ; trad. [de l'anglais] par Henry-D Davray.
250 ## - MENCION DE EDICION
Mención de edición 6e éd.
260 ## - PUBLICACIÓN, DISTRIBUCIÓN, ETC.
Lugar de publicación, distribución, etc. Paris :
Nombre del editor, distribuidor, etc. Mercure de France,
Fecha de publicación, distribución, etc. 1905.
300 ## - DESCRIPCIÓN FÍSICA
Extensión 187 p. ;
Dimensiones 18 cm.
490 1# - MENCIÓN DE SERIE
Mención de serie Collection d'auteurs étrangers
700 1# - ENTRADA AGREGADA--NOMBRE PERSONAL
Nombre de persona Davray, Henry D.
9 (RLIN) 42995
830 0# - PUNTO DE ACCESO ADICIONAL DE SERIE-TÍTULO UNIFORME
Título uniforme Collection d'auteurs étrangers
9 (RLIN) 183465
852 ## - LOCALIZACIÓN
Ubicación ES-MaACL
Número de control de estantería F-11063
Holdings
Estatus retirado Estado de pérdida Estado de daño No para préstamo Biblioteca de origen Biblioteca actual Ubicación en estantería Fecha de adquisición Fuente de adquisición Total de préstamos Signatura topográfica completa Código de barras Visto por última vez Precio de reemplazo Tipo de ítem Koha
        Biblioteca del Ateneo de Madrid Biblioteca del Ateneo de Madrid Sala Pecera Planta 2 17/01/2008     F-11063 1146581 23/02/2023 23/02/2023 Libro impreso